| 000 | 00454nam a22001697a 4500 | ||
|---|---|---|---|
| 003 | CEME | ||
| 005 | 20210628202315.0 | ||
| 008 | 210302b xxu||||| |||| 00| 0 eng d | ||
| 040 | _c. | ||
| 082 | _a297 ALI | ||
| 100 |
_aNovee, Abu Zakriya Yaheya _959264 |
||
| 245 | _aRiyaz-ul-salaheen, anthology of hadiths | ||
| 250 | _a2 VOLS | ||
| 260 |
_aLAHORE _bAL-ISLAH FOUNDATION _c1998 |
||
| 650 |
_aISLAM-HADITH-RIYAZ-UL-SALAHEEN _959265 |
||
| 942 |
_cBK _2ddc |
||
| 999 |
_c569283 _d569283 |
||